000 00923nam a2200313 a 4500
001 vtls001439202
003 NLI
005 20210627122023.0
008 121130s1985 ii a 001 0 eng
020 _cRs. 75.00
039 9 _y201211301646
_zVLOAD
040 _aNLI
_beng
_cDatasoft_GENG
_eAACR2
041 0 _aeng
044 _aii
082 0 4 _a546
100 1 _aGoswami, B. K.
_91003603
245 1 0 _aElements of inorganic chemistry :
_bfor pass course degree students, covering three-year degree course /
_cB. K. Goswami
250 _a2nd rev. ed.
260 _aCalcutta :
_bMoulik Library,
_c1985
300 _a696 p. :
_bfront., ill. ;
_c19 cm.
500 _aIncludes index
650 0 _aChemistry, Inorganic
_9679256
887 _a
901 _aDB63049
_b12.02.1993
902 _aE 546 G 699
904 _l2826
949 _AVIRTUAITEM
_D10000
_X100
_6DBA000063049ENG
942 _2ddc
_cBKS
999 _aVIRTUA40
_c891774
_d891774